000 00261nam a2200097Ia 4500
001 1250728
005 20251031150902.0
008 251031s9999 xx 000 0 und d
245 0 _cJ.K.ROWLING
_aF-4 HARRY POTTER VE SIRLAR ODASI
260 _bYAPI KREDİ YAYINLARI
999 _c1250728
_d1250728